[Event "11th Mumbai Mayors Cup 2018"]
[Site "Mumbai"]
[Date "2018.06.07"]
[Round "7"]
[White "Siva, Mahadevan"]
[Black "Tukhaev, Adam"]
[Result "0-1"]
[WhiteElo "2346"]
[BlackElo "2557"]
[Annotator "TA"]
[PlyCount "100"]
[EventDate "2018.??.??"]
[EventType "swiss"]
[EventCountry "IND"]
[SourceTitle "playchess.com"]
[Source "ChessBase"]
[SourceQuality "1"]

{[%evp 21,100,22,25,23,28,11,17,23,29,30,22,16,27,17,38,-5,32,42,69,57,54,80,73,70,85,9,13,27,81,0,0,0,0,0,15,31,2,10,7,27,33,-622,-614,-1095,-1046,-905,-66,-34,-9,-5,0,0,0,0,0,0,0,0,0,0,0,0,0,-352,-349,-302,-302,-1085,-1042,-1004,-966,-920,-850,-799,-661,-29970,-29971,-29967,-29956,-29994,-29991]} 1. e4 c5 2. Nf3 d6 3. d4 cxd4 4. Nxd4 Nf6 5. Nc3 a6 6. Bg5 Nbd7 7. Qe2 {B94: Sicilian Najdorf: 6 Bg5 Nbd7} (7. Bc4 h6 8. Bh4 g6 9. Qe2 e5 10. Nb3 Be7 11. a4 Nb6 12. Bd3 Be6 13. a5 Nbd7 14. Bc4 Rc8 15. Bxe6 fxe6 16. O-O {1-0 (79) Nepomniachtchi,I (2751)-Fedoseev,V (2724) Moscow 2018}) 7... h6 8. Bh4 g6 9. f4 e5 10. fxe5 dxe5 11. O-O-O Qc7 {LiveBook: 67 Games} 12. Nb3 b5 13. g4 Be7 14. Bg2 b4 15. Bxf6 $1 Nxf6 {[#]} 16. Nd5 $146 Nxd5 17. exd5 Bd6 $1 18. Nd4 O-O 19. Nc6 a5 20. Be4 a4 21. h4 b3 22. a3 bxc2 23. Rd2 (23. Rdg1 $16) 23... f5 24. gxf5 $1 gxf5 (24... Bxf5 $11 25. Rxc2 Qf7) 25. Rg1+ (25. Qh5 $1 $16 {White wants to mate with Rg1+.} Kh7 26. Rg2) 25... Kh7 $1 $11 26. Qg4 Qf7 $1 ({Of course not} 26... Kh8 $6 27. Qh5 $16 (27. Qg6 Bc5 $14)) 27. Rdg2 ({But not} 27. Bxc2 $2 e4 $19) 27... Bc5 (27... fxe4 $5 28. Qg7+ $8 Qxg7 29. Rxg7+ Kh8 $14) 28. Rf1 $1 Be3+ $1 29. Kxc2 Bf4 $132 {[%mdl 2048] Black has counterplay} 30. Bd3 $1 ({Avoid the trap} 30. Rxf4 $2 exf4 31. Bd3 Ba6 $19) 30... Ba6 {aiming for ...Bxd3+.} 31. Qh3 $2 {[%mdl 8192]} (31. Qd1 $14) 31... Qxd5 $19 32. Nb4 Bxd3+ 33. Nxd3 Qe4 $2 ({Black should try} 33... Qa2 $19 34. Re1 Rac8+ 35. Kd1 Qc4) 34. Re1 $1 $15 {[%cal Re1e4]} Qc6+ 35. Kb1 Rae8 36. Rge2 Qc4 37. Nxe5 Bxe5 38. Rxe5 Rxe5 39. Rxe5 $11 {[%mdl 4096] Endgame KQR-KQR} Rf7 40. Qg3 Qd4 {And now ...f4 would win.} 41. Qe1 f4 {Strongly threatening ...f3.} 42. Re7 $2 {[%mdl 8192] [#]} (42. h5 $11) 42... Rxe7 $1 $19 43. Qxe7+ {KQ-KQ} Kg6 44. Qe8+ $2 (44. Qe6+ Kh5 45. Qe2+ Kxh4 46. Qh2+ Kg5 47. Qg2+ Kf6 48. Qc6+ Kf5 49. Qxh6) 44... Kf5 45. Qh5+ Ke4 46. Qg6+ Ke3 {( -> ...Qd3+)} 47. Qg1+ {[#]} Kd3 $1 48. Qg2 Qe4 {Black mates.} 49. Qf2 f3 50. Kc1 Qe3+ {Precision: White = 55%, Black = 55%.} 0-1

[Event "11th Mumbai Mayors Cup 2018"]
[Site "Mumbai"]
[Date "2018.06.07"]
[Round "7"]
[White "Kulkarni, Vikramaditya"]
[Black "Deepan Chakkravarthy J."]
[Result "1-0"]
[WhiteElo "2323"]
[BlackElo "2531"]
[Annotator "TA"]
[PlyCount "97"]
[EventDate "2018.??.??"]
[EventType "swiss"]
[EventCountry "IND"]
[SourceTitle "playchess.com"]
[Source "ChessBase"]
[SourceQuality "1"]

{[%evp 21,97,57,57,53,55,47,54,-12,74,86,100,31,38,17,31,34,18,16,22,18,25,12,36,27,37,0,5,0,1,1,10,-47,-47,-48,-48,-66,-52,-47,-15,-10,-18,-16,-8,-158,-145,-150,-149,-142,-95,-110,-17,-41,-19,-50,0,0,0,0,0,0,129,53,-41,406,401,0,414,410,412,408,536,518,29993,8992,1702,420,375,379]} 1. c4 g6 2. d4 Bg7 3. e4 d6 4. Nc3 Nf6 5. Nf3 O-O 6. Be2 Nbd7 7. O-O e5 8. Be3 c6 9. d5 c5 10. Ne1 Ne8 11. Nd3 f5 12. f3 {E94: King's Indian: Classical: 6 Be2 e5 7 0-0: Various Black 7th moves} f4 13. Bf2 g5 14. g4 (14. b4 $14) 14... fxg3 (14... Rf6 $11 {remains equal.}) 15. hxg3 $16 Nb6 $146 {[%cal Bd7b6,Bb6c4,Bc4b2][%mdl 32]} ({Predecessor:} 15... Qf6 16. Ne1 Qh6 17. Kg2 Ndf6 18. g4 Qg6 {1-0 (45) Zvjaginsev,V (2634)-Todorcevic,M (2487) Novi Sad 2000}) 16. Kg2 (16. b3 $16) 16... Nxc4 $14 17. Nxc5 Nxb2 18. Qb3 dxc5 19. Bxc5 {[#]} Bh3+ $1 {[%mdl 512]} 20. Kxh3 Qc8+ 21. Kg2 Qxc5 22. Qxb2 g4 23. fxg4 Rc8 24. Rxf8+ Bxf8 25. Nd1 Qc2 26. Qxc2 (26. Kf3 $11) 26... Rxc2 $15 27. Kf3 Bc5 $1 28. Rb1 Rxa2 29. Rxb7 Nd6 30. Rb3 a5 {White should prevent ...a4.} 31. Nc3 Rc2 32. Rb8+ (32. g5 $11) 32... Kg7 $1 $17 {[%mdl 1024] Black has strong compensation.} 33. Na4 Bd4 34. g5 Ra2 35. Bd1 Rf2+ (35... Rd2 $1 $17 {[%cal Rd2d1]} 36. Bb3 Rd3+ 37. Kg2 Nxe4) 36. Kg4 $15 Nxe4 37. Bb3 {next d6! is good for White.} Nd6 (37... h5+ $5 38. Kxh5 Nxg3+ 39. Kh4 Ne4 $17) 38. Rd8 Nf7 39. Rc8 {[#] Hoping for d6!} h5+ $1 {[%mdl 512]} 40. Kxh5 {Strongly threatening d6!} e4 {[#]} (40... Rf3 $11 41. g6 Rxb3) 41. d6 $1 $16 {[%mdl 512]} Rh2+ $2 {[%mdl 8192]} (41... e3 $1 $14 42. Bxf7 Rxf7) (41... Nxd6 42. Rg8+) 42. Kg4 $18 Nxd6 43. Rg8+ Kh7 44. Rd8 $1 Be5 {[#]} 45. Rd7+ $1 Kh8 46. g6 Nb5 (46... Ne8 $18) 47. Nc5 (47. Kg5 $142 Rh5+ 48. Kxh5 Bg7 49. Kg5 Nc7 50. Rxc7 e3 51. Rc8+ Bf8 52. Rxf8+ Kg7 53. Rg8#) 47... Nd4 48. Ne6 (48. Bd5 $142 a4 {[#]} 49. g7+ $1 {[%mdl 512]} Bxg7 50. Rd8+ Kh7 51. Bxe4+ Kh6 52. Rd6+ Bf6 53. Rxf6+ Kg7 54. Rg6+ Kf7 55. Ra6) 48... Nxe6 49. Bxe6 {Precision: White = 54%, Black = 49%.} 1-0

[Event "11th Mumbai Mayors Cup 2018"]
[Site "Mumbai"]
[Date "2018.06.07"]
[Round "7"]
[White "Kushagra Mohan"]
[Black "Pruijssers, Roeland"]
[Result "0-1"]
[WhiteElo "2308"]
[BlackElo "2514"]
[Annotator "TA"]
[PlyCount "52"]
[EventDate "2018.??.??"]
[EventType "swiss"]
[EventCountry "IND"]
[SourceTitle "playchess.com"]
[Source "ChessBase"]
[SourceQuality "1"]

{[%evp 14,52,23,24,23,24,28,7,13,18,16,23,36,0,51,39,46,44,47,3,123,70,55,6,0,-737,-616,-1027,-1015,-29991,-29992,-29993,-29994,-29994,-29995,-29998,-29995,-29995,-29996,-29997,-642]} 1. e4 c5 2. Nf3 e6 3. d4 cxd4 4. Nxd4 Nc6 5. Nc3 Qc7 6. Be3 a6 7. Qd2 Nf6 8. O-O-O Be7 {B48: Sicilian: Taimanov: 5 Nc3 Qc7 6 Be3 a6 without Be2} 9. f3 b5 10. Nxc6 (10. g4 Nxd4 11. Bxd4 Bb7 12. g5 Nh5 13. Ne2 Rc8 14. c3 O-O 15. Bh3 f5 16. gxf6 Nxf6 17. Bxf6 Rxf6 18. Qxd7 Rxf3 19. Qxe6+ {1-0 (30) Fedoseev,V (2724)-Quesada Perez,Y (2627) chess.com INT 2018}) 10... dxc6 {The position is equal.} 11. g4 {[%cal Bg2g4,Bg4g5][%mdl 32]} e5 12. h4 {[%cal Bh2h4,Bh4h5][%mdl 32]} O-O 13. Qf2 Rb8 $146 (13... Rd8 $11) ({Predecessor:} 13... Rd8 14. Bd3 Rb8 15. h5 Be6 16. g5 {½-½ (46) Krzyzanowski,W (2460)-Perkiomaki,J (2388) ICCF email 2016}) 14. h5 $14 Nd7 15. g5 Nb6 16. f4 {White wants to play f5.} Nc4 (16... Bg4 $11 {remains equal.}) 17. f5 (17. Bxc4 $1 $16 bxc4 18. Bc5) 17... Qa5 18. Bxc4 (18. Bc5 $5 {[%cal Rc5e7]} Bxg5+ 19. Kb1 $11) 18... bxc4 19. f6 $2 {[%mdl 8192] [#]} (19. Qe1 $11 Qb4 20. b3) 19... Ba3 $1 $19 {[%mdl 512] Threatens to win with ...Qxc3.} 20. bxa3 {And now Bc5 would win.} Qxc3 21. Qg3 Bg4 {Black mates.} 22. Bf4 Qb2+ 23. Kd2 Rfd8+ 24. Ke3 Qc3+ 25. Rd3 Rxd3+ 26. cxd3 Qxd3+ {Precision: White = 45%, Black = 72%.} (26... Qd4+ $142 27. Kd2 Qb2+ 28. Ke3 Qe2#) 0-1

[Event "11th Mumbai Mayors Cup 2018"]
[Site "Mumbai"]
[Date "2018.06.07"]
[Round "7"]
[White "Phadke Sohan"]
[Black "Neverov, Valeriy"]
[Result "1/2-1/2"]
[WhiteElo "2222"]
[BlackElo "2492"]
[Annotator "TA"]
[PlyCount "139"]
[EventDate "2018.??.??"]
[EventType "swiss"]
[EventCountry "IND"]
[SourceTitle "playchess.com"]
[Source "ChessBase"]
[SourceQuality "1"]

{[%evp 17,139,51,50,53,39,37,34,22,22,22,27,26,12,25,17,16,16,14,18,10,10,0,0,0,0,0,0,0,0,0,26,26,26,17,43,0,0,0,0,0,0,0,0,0,0,0,0,0,0,0,0,-16,-16,-16,-16,-12,-8,-8,-8,-8,-8,-27,-35,-52,-67,-133,-8,-8,0,0,0,0,-34,-87,-87,-192,-200,-207,-213,-207,-201,-207,-207,-214,-49,-224,-224,-226,-226,-226,-231,-231,-231,-231,-231,-238,-238,-239,-255,-255,-255,-258,-265,-274,-281,-281,-281,-281,0,-322,0,0,0,0,0,0,0,0,0,0,0,0,0,0]} 1. e4 c5 2. Nc3 Nc6 3. Nf3 d6 4. d4 cxd4 5. Nxd4 Nf6 6. Bc4 g6 7. Nxc6 bxc6 8. e5 Ng4 9. exd6 Qxd6 10. Qxd6 {B57: Classical Sicilian: Sozin with 6...Qb6} exd6 11. Bf4 Be6 12. Bxe6 {White is slightly better.} (12. Bb3 O-O-O 13. h3 Nf6 14. O-O-O Be7 15. Rhe1 d5 16. Ne2 c5 17. c3 Rhe8 {½-½ (69) Pierrot,J (2436)-Felgaer,R (2587) Buenos Aires 2004}) 12... fxe6 13. h3 $146 ({Predecessor:} 13. Ne4 e5 14. Bg3 Be7 15. O-O-O O-O-O 16. Rhe1 Rhf8 17. f3 Nh6 {1-0 (42) Diaz Rosas,J (2231)-Ramirez Marin,I (2093) Mexico City 2014}) 13... Nf6 14. O-O-O Nd5 15. Bd2 Nxc3 16. Bxc3 Rg8 $1 17. Rhe1 Kd7 18. Rd3 d5 19. Rf3 Bh6+ 20. Bd2 Bxd2+ 21. Kxd2 $11 {[%mdl 4096] Endgame KRR-KRR} Rgf8 22. Ree3 a5 23. Ra3 c5 24. Rxf8 Rxf8 {KR-KR} 25. f3 Ra8 26. f4 Kc6 27. Re3 Re8 28. Ra3 Ra8 29. Re3 Kd6 30. Rb3 d4 31. c3 Rf8 32. cxd4 cxd4 33. g3 e5 34. Rb5 exf4 35. gxf4 a4 36. Rb7 Rxf4 37. Rxh7 Rf2+ 38. Kd3 Rxb2 39. Ra7 Rxa2 40. Kxd4 Ke6 41. Ke4 ({White should play} 41. Ra6+ $15 Kf5 42. Ra5+ Kf6 43. Kc5) 41... a3 (41... Ra3 $1 $17 42. Ra6+ Kf7 43. Ra7+ Kf6) 42. Ra6+ Kf7 {White must now prevent ...Ra1.} 43. Kf3 Ra1 {And now ...a2 would win.} 44. Kg2 Kg7 {Strongly threatening ...Kf7.} 45. Ra5 {[#]} (45. Kg3 $1 $15 Kf7 46. h4) 45... Kf6 $1 $17 46. Kh2 (46. Ra6+ $17 Kf5 47. Kf3) 46... Ke6 47. Rg5 Ra2+ 48. Kg3 Kf6 49. Ra5 Ke7 50. Re5+ Kd6 $2 (50... Kf7 $19 {...Ra1 is the strong threat.} 51. Re1 Rb2) 51. Re3 $2 (51. Rg5 $1 $15) 51... Ra1 $19 52. Kh2 Kd5 53. Rg3 Ra2+ 54. Kh1 Ke4 55. Rb3 g5 56. Rg3 Kd4 57. Rb3 Ra1+ 58. Kh2 Kc4 59. Rg3 {and the idea Rg4+ leaves White hopeful.} Ra2+ 60. Kh1 {[#]} Kb4 $1 61. Rg4+ Kc3 62. Rg3+ Kd4 63. Rb3 $1 g4 $2 (63... Ke5 $19 {Hoping for ...Kf6.} 64. Rg3 Kf4) 64. hxg4 $11 {The position is equal.} Kc4 (64... Ra1+ 65. Kg2 $17) (64... Ke5 $5 65. g5 $8 Ke6 $11) 65. Rf3 Kb4 ({Don't do} 65... Ra1+ 66. Kg2 $17) 66. Rf4+ Kb5 67. Rf3 Kb4 68. Rf4+ Kc3 69. Rf3+ Kb4 70. Rf4+ {Precision: White = 70%, Black = 74%.} 1/2-1/2

[Event "11th Mumbai Mayors Cup 2018"]
[Site "Mumbai"]
[Date "2018.06.07"]
[Round "7"]
[White "Manigandan, S S"]
[Black "Harsha Bharathakoti"]
[Result "0-1"]
[WhiteElo "2216"]
[BlackElo "2471"]
[Annotator "TA"]
[PlyCount "86"]
[EventDate "2018.??.??"]
[EventType "swiss"]
[EventCountry "IND"]
[SourceTitle "playchess.com"]
[Source "ChessBase"]
[SourceQuality "1"]

{[%evp 10,86,-11,-4,-4,-1,-8,-8,-20,-25,-37,-13,14,7,12,13,8,-31,-10,-25,-8,-11,-13,-8,0,0,0,0,0,0,0,-12,-12,-10,-10,-22,-16,-12,0,0,0,-2,10,0,0,0,0,0,0,0,0,0,0,0,51,34,49,0,0,-58,14,13,18,20,22,26,25,-8,0,0,0,0,0,-80,-104,-468,-456,-506,-487]} 1. d4 Nf6 2. Nf3 d5 3. c4 e6 4. Nc3 a6 5. Bg5 dxc4 6. a4 Nc6 {D24: Queen's Gambit Accepted: 3 Nf3 Nf6 4 Nc3} (6... c5 7. e3 cxd4 8. exd4 Nc6 9. Bxc4 Be7 10. O-O O-O 11. Re1 Bd7 12. Qe2 Rc8 13. Rad1 Nd5 14. Bxd5 Bxg5 15. Be4 Bh6 16. d5 exd5 17. Rxd5 g6 18. Red1 Rc7 19. Rd6 Bf4 20. R6d3 {1-0 (41) Wang,H (2680)-Volokitin,A (2668) Calimanesti Caciulata 2016}) 7. e3 Na5 8. Ne5 Bb4 {The position is equal.} 9. Nxc4 Qd5 10. Bxf6 gxf6 11. Nd2 Qf5 12. g3 $146 ({Predecessor:} 12. Be2 Bd7 13. O-O Rg8 14. Bf3 {1-0 (43) Wirthensohn,H (2317)-Grothe,T (2304) Baden 2016}) 12... c5 13. e4 Qg6 14. dxc5 $1 O-O 15. Bg2 Rd8 16. O-O Bxc5 17. Qe2 Nc6 18. Nb3 Ba7 19. Kh1 Bd7 20. f4 Qg7 21. Rae1 Rac8 22. Rd1 Be8 23. Qh5 Nd4 24. Nxd4 Rxd4 25. f5 Bc6 26. Rxd4 Bxd4 27. Rf4 Kh8 28. Rg4 Qf8 29. Rh4 {[%csl Gh4][%cal Rh5h7] [#]} Qg7 30. Rg4 Qf8 31. Rh4 {[%csl Gh4][%cal Rh5h7]} h6 ({Black should play} 31... Qg7 $11) 32. fxe6 fxe6 33. Ne2 (33. e5 $5 Be3 34. Bxc6 Rxc6 35. exf6 Qxf6 36. Qe2 $14 (36. Qe8+ Kh7 $11)) 33... Be3 34. Nf4 (34. e5 $1 $11) 34... Be8 (34... Bxf4 $1 $15 35. Rxf4 Bxa4) 35. Qf3 $1 $11 {[%cal Rf3e3]} Bxf4 36. Qxf4 Kh7 37. e5 f5 38. g4 {[%cal Bg3g4,Bg4g5][%mdl 32]} Bg6 39. g5 {[%cal Rh4h6]} Qc5 40. Rxh6+ Kg7 {Strongly threatening ...Qc1+.} 41. h3 {[#]} (41. h4 $11 {remains equal.}) 41... Rd8 $1 $17 {[%cal Rd8d1][%mdl 1024] Black has strong compensation.} 42. Qf3 $2 {[%mdl 8192]} (42. Bf1 $17) 42... Qc1+ $19 43. Kh2 Qxg5 {Precision: White = 51%, Black = 63%.} 0-1

[Event "11th Mumbai Mayors Cup 2018"]
[Site "Mumbai"]
[Date "2018.06.07"]
[Round "7"]
[White "Chitlange Sakshi"]
[Black "Neelotpal, Das"]
[Result "0-1"]
[WhiteElo "2163"]
[BlackElo "2447"]
[Annotator "TA"]
[PlyCount "124"]
[EventDate "2018.??.??"]
[EventType "swiss"]
[EventCountry "IND"]
[SourceTitle "playchess.com"]
[Source "ChessBase"]
[SourceQuality "1"]

{[%evp 22,124,27,23,56,58,68,30,71,-23,-34,-30,-35,-38,0,0,0,0,0,0,0,-59,-58,-76,-95,-77,-75,-72,-57,-75,-60,-83,-77,-77,-57,-107,-116,-89,-93,-195,-186,-411,-390,-417,-417,-417,-414,-414,-414,-414,-410,-416,-412,-427,-406,-408,-391,-430,-428,-406,-413,-438,-421,-403,-408,-465,-460,-474,-457,-519,-445,-441,-435,-432,-442,-542,-535,-525,-525,-537,-547,-546,-542,-538,-488,-541,-539,-538,-535,-533,-513,-593,-504,-574,-505,-697,-738,-1031,-1027,-29984,-29985,-29994,-29995,-29997,-29996]} 1. d4 Nf6 2. c4 c5 3. d5 b5 4. Qc2 bxc4 5. e4 d6 6. Bxc4 g6 7. Nf3 Bg7 8. h3 O-O 9. O-O Nbd7 10. Nc3 Rb8 {A57: Wolga/Benkö-Gambit} 11. Re1 Nh5 12. Be2 {LiveBook: 5 Partien} Nb6 {Weiß hat minimalen Vorteil.} 13. Be3 $146 ({Vorgänger:} 13. Bg5 h6 14. Bd2 e6 15. dxe6 Bxe6 16. Rad1 Qe7 17. Qc1 {1-0 (42) Sedlak,N (2549)-Milanovic,D (2462) Bar 2015}) 13... Bd7 14. Rab1 Qe8 15. Nd2 (15. Qd2 $16) 15... f5 $1 $11 {[%cal Rf5f4] Droht ...f4 und aus.} 16. exf5 Bxf5 17. Bd3 Nf4 18. Bxf4 Bxd3 19. Qxd3 Rxf4 20. Qe3 Rf7 {[#] Weiss muss nun ...Ld4 beachten.} (20... Qf8 {looks sharper.} 21. Qxe7 Rxf2 22. Qe6+ Kh8 23. Nde4 Rf5) 21. Qe6 (21. Qe4 $1 $11) 21... Qd7 $15 22. Qxd7 Nxd7 23. Nde4 Bd4 24. Re2 h6 25. Rd2 Rf4 26. Re1 Ne5 27. b3 g5 28. Kh1 g4 29. hxg4 Rxg4 30. Nd1 (30. Rc2 $17) 30... Rf8 $19 31. Nec3 $2 (31. Ree2 {kämpft weiter.}) 31... Rf5 32. g3 Nf3 33. Ree2 Nxd2 34. Rxd2 Bxc3 35. Nxc3 {[%mdl 4096] Endspiel KTT-KTS} Rd4 36. Re2 a6 37. Kg2 Rd3 38. Rc2 Re5 39. Kf1 h5 40. Kg2 Re1 41. Kh2 Kf7 42. Kg2 Kf6 43. Kh2 Kg5 44. Kg2 a5 45. Kh2 Kf6 46. Kh3 Rd4 47. Kg2 Kg5 48. Kh2 h4 49. Kg2 hxg3 50. Kxg3 Rd3+ 51. Kg2 Kf5 52. Kh2 Kf4 53. Kg2 Kg4 54. Ne2 Rxd5 55. Rc4+ Kg5 56. Ng1 {[#] zielt auf Sf3+ ab.} Ra1 57. Nf3+ Kf6 58. Ra4 e5 {[%cal Be7e5,Be5e4][%mdl 32]} 59. Rxa5 e4 60. Nh2 Rg5+ {Schwarz setzt Matt.} 61. Kh3 Rag1 {[%cal Rg5h5]} 62. Kh4 Rg8 {Precision: Weiß = 34%, Schwarz = 71%.} 0-1

[Event "11th Mumbai Mayors Cup 2018"]
[Site "Mumbai"]
[Date "2018.06.07"]
[Round "7"]
[White "Satkar, Chirag"]
[Black "Sidhant, Mohapatra"]
[Result "1/2-1/2"]
[WhiteElo "2040"]
[BlackElo "2370"]
[Annotator "TA"]
[PlyCount "77"]
[EventDate "2018.??.??"]
[EventType "swiss"]
[EventCountry "IND"]
[SourceTitle "playchess.com"]
[Source "ChessBase"]
[SourceQuality "1"]

{[%evp 10,77,25,16,62,56,59,54,52,51,59,61,54,43,47,36,36,12,67,15,26,25,31,19,37,30,34,38,51,-29,73,75,72,69,81,66,60,55,70,49,70,50,60,54,50,46,48,43,68,28,33,33,45,-2,100,95,94,76,144,122,130,115,233,148,314,260,5310,-283,0,0]} 1. d4 Nf6 2. c4 e6 3. Nc3 Bb4 4. Qc2 d6 5. Bg5 Nbd7 6. e3 b6 {E32: Nimzo-Indian: Classical (4 Qc2): 4...0-0} 7. Nge2 Bb7 8. a3 Bxc3+ {White is slightly better.} 9. Nxc3 O-O 10. f3 c5 $146 ({Predecessor:} 10... h6 11. Bh4 c5 12. Rd1 Qe7 13. Be2 d5 14. cxd5 exd5 {½-½ (55) Korobov,A (2687)-Antipov,M (2557) Bastia 2016}) 11. dxc5 bxc5 12. O-O-O Qb6 13. e4 Rab8 ({Black should try} 13... Rfb8 $11) 14. h4 (14. Rd2 $14) 14... Rfd8 $11 15. h5 {Black should prevent h6.} h6 16. Bf4 Ne5 17. Nb5 Bc6 18. Rxd6 Rxd6 19. Bxe5 (19. Nxd6 $14 Ba4 20. Nc8) 19... Bxb5 (19... Rd7 $11 20. Bxb8 Qxb8) 20. cxb5 $16 Rbd8 21. Bxd6 Qxd6 22. Kb1 Qe5 23. Bc4 Nxh5 24. Rc1 Nf6 25. Bb3 Rc8 26. Qd2 Kf8 27. Rd1 Ke7 28. Qa5 Qb8 29. e5 Nd7 $1 30. f4 Qc7 31. Qe1 Nb6 (31... c4 $1 $11 32. Rc1 Nb6) 32. Rd6 $36 {[%mdl 2048] White is really pushing.} c4 33. Rc6 Qd7 (33... Qb7 $142 34. Qb4+ Kd7) 34. Qb4+ Ke8 35. Bxc4 Qd1+ 36. Ka2 {[#] f5! is the strong threat.} Rxc6 $2 (36... Rd8 $16 {might work better.} 37. Rc7 Nd5 38. Bxd5 Qxd5+ 39. Qb3 Qe4 40. Rxa7 Rd3) 37. bxc6 $18 Qd4 $2 (37... Qd8 38. Qb5 Kf8) 38. Kb1 $4 {[%mdl 8192]} (38. c7 $18 {is the narrow road to win. White threatens Bb5+ and mate.} Qxc4+ 39. Qxc4) 38... Qd1+ $2 ({Not} 38... Nxc4 39. Qb8+ Ke7 40. Qb7+ Ke8 41. c7 $11) ({Black should play} 38... Qxc4 $19 39. Qd6 Qd5 40. Qb8+ Qd8) 39. Ka2 {Precision: White = 68%, Black = 38%.} 1/2-1/2

[Event "11th Mumbai Mayors Cup 2018"]
[Site "Mumbai"]
[Date "2018.06.08"]
[Round "8"]
[White "Amonatov, Farrukh"]
[Black "Kravtsiv, Martyn"]
[Result "1/2-1/2"]
[WhiteElo "2605"]
[BlackElo "2662"]
[Annotator "TA"]
[PlyCount "61"]
[EventDate "2018.??.??"]
[EventType "swiss"]
[EventCountry "IND"]
[SourceTitle "playchess.com"]
[Source "ChessBase"]
[SourceQuality "1"]

{[%evp 36,61,5,3,9,0,18,18,18,18,18,8,18,0,0,0,0,0,0,0,0,0,0,0,0,0,0,0]} 1. e4 e5 2. Nf3 Nc6 3. Bb5 a6 4. Ba4 Nf6 5. O-O Be7 6. Re1 b5 7. Bb3 O-O 8. c3 d5 9. exd5 Nxd5 10. Nxe5 Nxe5 11. Rxe5 c6 12. d3 Bd6 13. Re1 Bf5 14. Qf3 Qf6 {C89: Closed Ruy Lopez: Marshall Attack} 15. Bxd5 cxd5 16. Bf4 Bxf4 17. Qxf4 d4 18. cxd4 Rad8 19. Nc3 {LiveBook: 7 Games. Hoping for d5.The position is equal.} Rxd4 20. Ne4 Bxe4 21. Qxf6 gxf6 22. Rxe4 Rxd3 $11 {[%mdl 4096] [#] Endgame KRR-KRR} 23. a4 $146 Rfd8 24. axb5 (24. g3 {keeps more tension.} R3d4 25. Rxd4 Rxd4 26. a5 Kg7 27. Rc1) 24... Rd1+ 25. Re1 Rxe1+ 26. Rxe1 axb5 {KR-KR} 27. Kf1 Rd2 28. Re2 Rd1+ 29. Re1 Rd2 30. Re2 Rd1+ 31. Re1 1/2-1/2

[Event "11th Mumbai Mayors Cup 2018"]
[Site "Mumbai"]
[Date "2018.06.08"]
[Round "8"]
[White "Rozum, Ivan"]
[Black "Visakh N R"]
[Result "0-1"]
[WhiteElo "2581"]
[BlackElo "2467"]
[Annotator "TA"]
[PlyCount "112"]
[EventDate "2018.??.??"]
[EventType "swiss"]
[EventCountry "IND"]
[SourceTitle "playchess.com"]
[Source "ChessBase"]
[SourceQuality "1"]

{[%evp 13,112,-1,-5,-12,42,-54,0,0,0,0,88,-14,-14,-14,-13,-16,-18,-28,-31,-60,-62,-60,-8,-2,-11,-37,-34,-23,-27,-29,-27,-65,-15,-12,-15,-108,-106,-99,-98,-277,-270,-295,-283,-304,-312,-310,-303,-305,-297,-235,-279,-283,-285,-239,-214,-201,-193,-181,-196,-206,-202,-210,-200,-175,-201,-181,-170,-535,-465,-831,-831,-1569,-1524,-944,-944,-29967,-29969,-29968,-29970,-29969,-29969,-29970,-29970,-29981,-29947,-6445,-29964,-29961,-29964,-29962,-29951,-4720,-4720,-29974,-29975,-29975,-29976,-29976,-29977,-29979,-29980]} 1. c4 e6 2. Nf3 d5 3. b3 Be7 4. Bb2 Bf6 5. d4 dxc4 6. bxc4 {A13: Reti-Eröffnung} c5 7. e3 Nc6 {LiveBook: 7 Partien} 8. Qd2 {Die Stellung ist ausgeglichen.} Nge7 $146 (8... cxd4 $1 $11 9. exd4 Nge7) ({Vorgänger:} 8... cxd4 9. exd4 Nge7 10. Na3 Nf5 11. Nc2 O-O 12. Bd3 b6 13. O-O {0-1 (37) McNab,C (2416)-Anastasian,A (2571) Istanbul 2000}) 9. g4 ({Günstiger ist} 9. Nc3 $1 $14) 9... Ng6 (9... cxd4 $15 10. exd4 h6) 10. g5 $1 $11 {[%cal Rg5f6]} Bxg5 11. d5 $1 {[%cal Rd5c6]} Nb8 (11... exd5 $1 $11 12. cxd5 (12. Nxg5 Qxg5 13. cxd5 Nce5 $17) 12... Nb4) 12. dxe6 (12. Bxg7 Bf6 $17) (12. Nxg5 $16 {Droht stark Tg1.} Qxg5 13. Nc3 (13. Bxg7 Nh4 $11)) 12... Bxe6 13. Bxg7 Rg8 14. Bc3 ({Ein No Go ist} 14. Nxg5 Qxg5 15. Qb2 Nd7 $17) 14... Nd7 15. Qb2 Bf6 16. Nbd2 Bxc3 17. Qxc3 Qf6 ({Besser ist} 17... Qe7 $15) 18. Qxf6 Nxf6 19. Ng5 Bf5 20. Bg2 Ke7 {Droht ...Sh4 und aus.} 21. Bxb7 Rab8 $36 {[%mdl 2048] Schwarz hat Initiative.} 22. Bd5 Nh4 23. Nge4 Nf3+ 24. Ke2 (24. Nxf3 $11 {bleibt in der Remisbreite.} Bxe4 25. Bxe4 Nxe4 26. Rg1) 24... Nxd2 $1 $17 25. Nxd2 Rb2 26. Rhc1 $2 {[#]} (26. Rhg1 $17 Rxg1 27. Rxg1) 26... Be4 $1 $19 27. Rc3 Bxd5 ({Minderwertig wäre} 27... Nxd5 28. cxd5 Kd6 29. Rb3 $11) 28. cxd5 Ne4 $1 ({Und nicht} 28... Nxd5 29. Rb3 $11) 29. Rd3 c4 30. Rd4 f5 31. Rc1 c3 32. Rxe4+ fxe4 33. Rxc3 Rxa2 {[%mdl 4096] Endspiel KTT-KTS} 34. Rc4 Kd6 35. Rxe4 {[#]} Rg5 $1 {[%cal Rg5d5]} 36. Re6+ Kxd5 37. Rh6 Kc5 {Und weiter mit ...Td5 wäre nett.} 38. e4 Rg7 39. Rh5+ Kc6 40. Rh6+ $2 (40. Ke3) 40... Rg6 41. Rxg6+ (41. Rh3 $142 Rd6 42. Rc3+ Kd7 43. Rd3) 41... hxg6 {KT-KS} 42. f4 a5 43. Kd3 a4 44. Kc3 a3 45. Nc4 Rxh2 46. Nxa3 Rh3+ 47. Kb2 Rf3 48. f5 g5 49. Nc4 Rf4 (49... Kc7 $19 50. Ne5 Re3) 50. Ne5+ Kc7 51. Ng6 Rf2+ 52. Kc3 g4 {[%cal Bg5g4,Bg4g3,Bg3g2][%mdl 32]} 53. Kd4 g3 {Schwarz setzt Matt.} 54. Ke3 Ra2 55. Nh4 g2 56. Nf3 Ra3+ {Precision: Weiß = 31%, Schwarz = 72%.} 0-1